Statistiken für Die erfolgreichsten Songs im Jahr 1999

Klicken Sie hier um das Quiz zu spielen!

Allgemein

  • Dieses Quiz wurde 88 mal gespielt
  • Das Durchschnittsergebnis liegt bei 8 aus 20

Antwortstatistiken

PlatzKünstlerTitel% Korrekt
2Eiffel 65Blue (Da Ba Dee)
86%
1Lou BegaMambo No. 5 (A Little Bit Of...)
83%
3Britney Spears...Baby One More Time
64%
15LiquidoNarcotic
63%
13Bloodhound GangThe Bad Touch
45%
16CherBelieve
44%
12Die Fantastischen VierMfG (Mit freundlichen Grüßen)
44%
4EmiliaBig Big World
40%
14Backstreet BoysI Want It That Way
37%
11BlondieMaria
37%
7Christina AguileraGenie In A Bottle
31%
19Ö La Palöma BoysÖ la palöma
27%
202PacChanges
23%
8Mr. OizoFlat Beat
23%
10Wamdue ProjectKing Of My Castle
21%
18The OffspringPretty Fly (For A White Guy)
21%
6Oli P.So bist du (und wenn du gehst...)
19%
17LoonaHijo De La Luna
18%
9Xavier NaidooSie sieht mich nicht
14%
5Whitney HoustonMy Love Is Your Love
12%

Verteilung der Resultate

Perzentil nach korrekt beantworteten Fragen

Anzahl Personen mit jedem Resultat

Ihre Resultats-Entwicklung

Sie haben dieses Quiz noch nicht gespielt